书目信息 |
| 题名: |
一盘没有下完的棋
|
|
| 作者: | 南里征典 著 ;孟传良 译 | |
| 分册: | ||
| 出版信息: | 武汉 长江文艺出版社 1984 |
|
| 页数: | 262页 | |
| 开本: | 21cm | |
| 丛书名: | ||
| 单 册: | ||
| 中图分类: | I313.45 , I313.4 | |
| 科图分类: | ||
| 主题词: | 小说--日本--现代 , 文学 | |
| 电子资源: | ||
| ISBN: | ||
| 000 | 00765nam0 2200277 45 | |
| 001 | 0184004520 | |
| 005 | 20040412091245.5 | |
| 010 | @dCNY0.97 | |
| 091 | @a10107.643 | |
| 100 | @a19950222d1984 em y0chiy0121 ea | |
| 101 | 1 | @achi@cjpn |
| 102 | @aCN@b420000 | |
| 105 | @ay z 000ay | |
| 106 | @ar | |
| 200 | 10 | @a一盘没有下完的棋@Ayi pan mei you xia wan de qi@f(日)南里征典著@g孟传良译 |
| 210 | @a武汉@c长江文艺出版社@d1984 | |
| 215 | @a262页@d21cm | |
| 606 | @a小说@y日本@z现代 | |
| 606 | 0 | @a文学 |
| 690 | @aI313.45@v3 | |
| 690 | @aI313.4@v3 | |
| 701 | 0 | @a南里征典@Anan li zheng dian@4著 |
| 702 | 0 | @a孟传良@Ameng chuan liang@4译 |
| 801 | 0 | @aCN@b上海图书馆@c20040412 |
| 801 | 2 | @aCN@bNLC@c20040412 |
| 905 | @dI313.4@e57@b114026@f1@f1@b114025 | |
| 一盘没有下完的棋/(日)南里征典著/孟传良译.-武汉:长江文艺出版社,1984 |
| 262页;21cm |
| ISBN :CNY0.97 |
| ● |
| 相关链接 |
|
|
|
|
正题名:一盘没有下完的棋
索取号:I313.4/57
 
预约/预借
| 序号 | 登录号 | 条形码 | 馆藏地/架位号 | 状态 | 备注 |
| 1 | 0114025 | 001594171 | 第二借阅区/ [索取号:I313.4/57] | 在馆 | |
| 2 | 0114026 | 000736047 | 第二借阅区/ [索取号:I313.4/57] | 在馆 |